000 01139nam a2200301 i 4500
003 EG-GICUC
005 20260121101216.0
008 251112s1956 ua ||||fr|||| 00| 0 ara d
040 _a EG-GICUC
_bara
_c EG-GICUC
_d EG-GICUC
_erda
041 0 _aara
082 0 4 _221
_a345.2
_bم ح . ق
092 0 4 _221
099 _aLaw1 07 345.2 م ح . ق 1956
100 0 _aمحمد فؤاد مهنا
_eمؤلف.
245 1 0 _aدروس القانون الاداري.
_cمحمد فؤاد مهنا.
_nالجزء الاول،
_pالسلطة الادارية /
264 3 _aالاسكندرية :
_bالدار المصرية للطباعة،
_c1956.
300 _a374 ؛ صفحة
_c24 سم
_bإيضاحيات، صور، مثيليات ؛
336 _2rda content
_atext
337 _2rda media
_aComputer
338 _2rda carrier
_aOnline Resource
504 _a. 240-220 ببليوجرافيا: صفحات.
546 _aالنص باللغة العربية
650 1 4 _aالقانون الإداري
_2qrmak
651 1 _2qrmak
856 4 0 _uhttps://fll.law.cu.edu.eg/fulltext/bks/B07-00712.pdf
905 _a30
942 _2ddc
_cBK
_e21
_n0
999 _c42980
_d42980